<?xml version="1.0" encoding="UTF-8"?><?xml-stylesheet type="text/xsl" href="static/style.xsl"?><OAI-PMH xmlns="http://www.openarchives.org/OAI/2.0/" xmlns:xsi="http://www.w3.org/2001/XMLSchema-instance" xsi:schemaLocation="http://www.openarchives.org/OAI/2.0/ http://www.openarchives.org/OAI/2.0/OAI-PMH.xsd"><responseDate>2026-04-13T07:09:05Z</responseDate><request verb="GetRecord" identifier="oai:www.recercat.cat:2117/377442" metadataPrefix="marc">https://recercat.cat/oai/request</request><GetRecord><record><header><identifier>oai:recercat.cat:2117/377442</identifier><datestamp>2025-07-22T15:58:56Z</datestamp><setSpec>com_2072_1033</setSpec><setSpec>col_2072_452951</setSpec></header><metadata><record xmlns="http://www.loc.gov/MARC21/slim" xmlns:dcterms="http://purl.org/dc/terms/" xmlns:xsi="http://www.w3.org/2001/XMLSchema-instance" xmlns:doc="http://www.lyncode.com/xoai" xsi:schemaLocation="http://www.loc.gov/MARC21/slim http://www.loc.gov/standards/marcxml/schema/MARC21slim.xsd">
   <leader>00925njm 22002777a 4500</leader>
   <datafield ind2=" " ind1=" " tag="042">
      <subfield code="a">dc</subfield>
   </datafield>
   <datafield ind2=" " ind1=" " tag="720">
      <subfield code="a">Barrera Sánchez, Nerea</subfield>
      <subfield code="e">author</subfield>
   </datafield>
   <datafield ind2=" " ind1=" " tag="260">
      <subfield code="c">2022-07-04</subfield>
   </datafield>
   <datafield ind2=" " ind1=" " tag="520">
      <subfield code="a">L’autoconsum col·lectiu és una nova forma de promoure l’ús de les energies renovables.&#xd;
En aquest treball s’explica en que consisteix aquesta nova forma d’autoconsumir energia, així com les&#xd;
característiques i requisits necessaris per poder formar part d’aquesta. També conté una part més&#xd;
tècnica en la qual es realitza un exemple d’una instal·lació d’autoconsum col·lectiu per a un polígon&#xd;
industrial, on pot observar-se la part pràctica de tot aquest procés,&#xd;
Això pretén ser una guia per a totes les persones que estiguin interessades en realitzar una instal·lació&#xd;
d’aquest tipus o que vulguin saber en que consisteix, ja que es tracta d’un tema relativament nou i que&#xd;
està començant a créixer ara</subfield>
   </datafield>
   <datafield ind2=" " ind1=" " tag="520">
      <subfield code="a">El autoconsumo colectivo es una nueva manera de promover el uso de las energías renovables.&#xd;
En este trabajo se explica en que consiste esta nueva forma de autoconsumir energía, así como las&#xd;
características y los requisitos necesarios para empezar a formar parte de la misma. También contiene&#xd;
una parte más técnica en la cual se realiza un ejemplo de instalación de autoconsumo colectivo en un&#xd;
polígono industrial, donde puede observarse la parte práctica de todo este proceso.&#xd;
Esto pretende ser una guía para todas aquellas personas que estén interesadas en realizar una&#xd;
instalación de este tipo o en saber en que consiste, ya que se trata de un tema relativamente nuevo y&#xd;
que está comenzando a crecer ahora.</subfield>
   </datafield>
   <datafield ind2=" " ind1=" " tag="520">
      <subfield code="a">Collective self-consumption is a new way of promoting the use of renewable energies.&#xd;
This work explains what this new way of self-consuming energy consists of, as well as the&#xd;
characteristics and requirements needed to start taking part in it. It also contains a more technical part&#xd;
in which an example of a collective self-consumption installation in an industrial estate is carried out,&#xd;
where the practical part of the whole process can be observed.&#xd;
This is intended as a guide for all those people who are interested in making an installation of this type&#xd;
or in knowing what it consists of, as it is a relatively new subject that is only now beginning to grow.</subfield>
   </datafield>
   <datafield ind2=" " ind1=" " tag="520">
      <subfield code="a">Objectius de Desenvolupament Sostenible::7 - Energia Assequible i No Contaminant</subfield>
   </datafield>
   <datafield ind2=" " ind1=" " tag="520">
      <subfield code="a">Objectius de Desenvolupament Sostenible::9 - Indústria, Innovació i Infraestructura</subfield>
   </datafield>
   <datafield tag="653" ind2=" " ind1=" ">
      <subfield code="a">Àrees temàtiques de la UPC::Energies</subfield>
   </datafield>
   <datafield tag="653" ind2=" " ind1=" ">
      <subfield code="a">Renewable energy sources</subfield>
   </datafield>
   <datafield tag="653" ind2=" " ind1=" ">
      <subfield code="a">Collective self-consumption</subfield>
   </datafield>
   <datafield tag="653" ind2=" " ind1=" ">
      <subfield code="a">Autoconsum col·lectiu</subfield>
   </datafield>
   <datafield tag="653" ind2=" " ind1=" ">
      <subfield code="a">energia renovables</subfield>
   </datafield>
   <datafield tag="653" ind2=" " ind1=" ">
      <subfield code="a">energia solar fotovoltaica</subfield>
   </datafield>
   <datafield tag="653" ind2=" " ind1=" ">
      <subfield code="a">Energies renovables</subfield>
   </datafield>
   <datafield tag="653" ind2=" " ind1=" ">
      <subfield code="a">Autoconsum col·lectiu</subfield>
   </datafield>
   <datafield ind2="0" ind1="0" tag="245">
      <subfield code="a">Instal·lació fotovoltaica d'autoconsum col·lectiu</subfield>
   </datafield>
</record></metadata></record></GetRecord></OAI-PMH>